LEADER 01853nam a2200349 a 4500 001 000000012172 003 CaOOAMICUS 005 20150414115650.0 008 940516s1971 it u000 u ita r 035 $a10295252 040 $aEFR$bita 100 1 $aConte, Pietro,$d1931-$0(OLS)http://pul/name/11625 245 10$aChiesa e primato nelle lettere dei papi del secolo VII con appendice critica /$cPietro Conte. 260 $aMilano :$bVita e pensiero,$c[1971] 300 $axv, 586 p. ;$c22 cm 490 1 $aPubblicazioni della Università cattolica del Sacro Cuore., Saggi e ricerche.$aSerie 3, Scienze storiche ;$v04 504 $aBibliografia: p. 4-29. 650 4$aChiesa e stato.$0(OLS)http://pul/subject/960 710 2 $aUniversità cattolica del Sacro Cuore. Sede di Milano.$0(OLS)http://pul/name/534 830 0$aPubblicazioni della Università cattolica del Sacro Cuore.$pSaggi e ricerche.$nSerie 3,$pScienze storiche ;$v04.$0(OLS)http://pul/title/17627 850 $aPUL 852 $aPUL$W1$xDP1 Fondo Maccarrone$y58$m1505 E 41$j17205$nBK-PRI$b $qFondi$B17205$CPULBib$Z2$F17205 $H $81 852 $aPUL$W1$xDP1 Tesi Pon Univ. Lateranense$y41$mTH PUL.THEOL 173$j17206$nBK-PRI$b $qTesi$B17206$CPULBib$Z2$F17206 $HPUL35894 $81 852 $aPUL$W1$xDP1 Fondo Capitani$y116$m11 A 18.4$j164730$a3. copia$qFondi$B165004$CPULBib$Z2$F165004 $HCap2713 $82 941 1 $a16 941 1 $a1 960 $aStato e Chiesa$9960 961 $aINV: 01581 -- Fondo Mons. M. Maccarrone 961 $aNota ms. di possesso: Capitani. 996 $6245$aChiesa e primato nelle lettere dei papi del secolo VII con appendice critica$9(OLS)http://pul/title/17626 996 $6260$aMilano :$bVita e pensiero$9(OLS)http://pul/publisher/48016 LEADER 01171nam a2200253 a 4500 001 000000112372 003 CaOOAMICUS 005 20080707103324.0 008 080707s2000 sp 001 0 spa r 020 $a84-8169-412-6 040 $aPUL$bita$dLDB 100 1 $aLópez Trujillo, Alfonso,$ccard.,$d1935-2008.$0(OLS)http://pul/name/21286 245 10$aFamilia, vida y nueva evangelización /$ccard. Alfonso López Trujillo. 260 $aEstella :$bVerbo Divino,$c2000. 300 $axxiii, 604 p. ;$c22 cm. 504 $aContiene riferimenti bibliografici. 650 14$aFamiglia$xVita cristiana.$0(OLS)http://pul/subject/11617 850 $aPUL 852 $aPUL$W1$xSL Religione 3$y85$m253 LOPAL 1$j128559$qDDC 21$B127493$CPULBib$Z2$F127493 $H107693 $82 852 $aPUL$W1$xSL Religione 3$y85$m261. 8 LOPAL 1$j129507$ac. 2$qDDC 21$B128554$CPULBib$Z2$F128554 $H108041 $82 941 1 $a9 996 $6020$a84-8169-412-6$9(OLS)http://pul/number/138294 996 $6245$aFamilia, vida y nueva evangelización$9(OLS)http://pul/title/141216 996 $6260$aEstella :$bVerbo Divino$9(OLS)http://pul/publisher/69437